Name Every D1 College (Tennessee) - Statistics

General Stats
  • This quiz has been taken 15 times
  • The average score is 8 of 12
Answer Stats
Conference Answer % Correct
The American Memphis
100%
SEC Tennessee
100%
SEC Vanderbilt
100%
C-USA Middle Tennessee St
83%
Ohio Valley Tennessee State
75%
ASUN Austin Peay
58%
Ohio Valley Tennessee Tech
58%
Ohio Valley UT Martin
58%
Missouri Valley Belmont
50%
Southern East Tennessee State
50%
Southern Chatanooga
33%
ASUN Lipscomb
33%
No matching quizzes found
Score Distribution
Percent of People with Each Score
Percentile by Number Answered
Your Score History
You have not taken this quiz